000 01056cam a2200301 a 4500
001 14254680
005 20180202040626.0
008 060206s2006 mdua b 001 0 eng
010 _a 2006003571
020 _a0801884594 (pbk. : alk. paper)
020 _a9780801884597 (pbk. : alk. paper)
020 _a0801884586 (hardcover : alk. paper)
020 _a9780801884580 (hardcover : alk. paper)
035 _a(OCoLC)ocm63703804
035 _a(OCoLC)63703804
040 _aDLC
_cDLC
_dBAKER
_dC#P
_dAGL
_dBTCTA
_dYDXCP
_dDLC
041 _aeng
043 _an-us---
080 _a973.09734 dav
082 0 0 _a973.09734 dav
_222
100 1 _a16,
101 _ahis
245 1 0 _aBorn in the country :
_cDavid B. Danbom.
504 _aIncludes bibliographical references (p. [271]-290) and index.
906 _a7
_bcbc
_corignew
_d1
_eecip
_f20
_gy-gencatlg
942 _2ddc
_cBK
999 _c41584
_d41584